[Event "BCF-chT4 2223 (4NCL)"]
[Site "England"]
[Date "2023.04.29"]
[Round "10.46"]
[White "Denning, Julie L"]
[Black "Jayawarna, Thisumi"]
[Result "1/2-1/2"]
[WhiteElo "1617"]
[BlackElo "1500"]
[PlyCount "49"]
[EventDate "2022.11.05"]
[EventType "team-swiss"]
[EventRounds "11"]
[EventCountry "ENG"]
[SourceTitle "EXT 2024"]
[Source "ChessBase"]
[SourceDate "2023.10.10"]
[SourceVersion "1"]
[SourceVersionDate "2023.10.10"]
[SourceQuality "1"]
[WhiteTeam "Kingston II"]
[BlackTeam "She Plays To Win Lionesses"]
[WhiteTeamCountry "ENG"]
[BlackTeamCountry "ENG"]

1. b3 d5 2. Bb2 Nf6 3. e3 Bf5 4. Ne2 e6 5. Ng3 Bg6 6. d3 h6 7. Be2 Be7 8. 0-0 0-0 9. Nd2 c6 10. c4 Nbd7 11. cxd5 Nxd5 12. Nh5 N7f6 13. e4 Bxh5 14. exd5 Bxe2 15. Qxe2 Nxd5 16. Qg4 Bf6 17. d4 Qc7 18. Nf3 Qf4 19. Qh3 Rfd8 20. Bc1 Qc7 21. Qg4 Kh8 22. Qh5 Kg8 23. Qg4 Kh8 24. Qh5 Kg8 25. Qg5 1/2-1/2

[Event "ENG-ch U12"]
[Site "Torquay"]
[Date "2022.08.09"]
[Round "2"]
[White "Eccleston, Rowan"]
[Black "Jayawarna, Thisumi"]
[Result "0-1"]
[WhiteElo "1020"]
[BlackElo "1432"]
[PlyCount "120"]
[EventDate "2022.08.08"]
[EventType "swiss"]
[EventRounds "7"]
[EventCountry "ENG"]
[SourceTitle "EXT 2023"]
[Source "ChessBase"]
[SourceDate "2022.10.05"]
[SourceVersion "1"]
[SourceVersionDate "2022.10.05"]
[SourceQuality "1"]

1. f4 d5 2. Nf3 g6 3. e3 Bg7 4. Nc3 Nf6 5. Bd3 0-0 6. 0-0 c5 7. Rb1 Nc6 8. Bb5 Bd7 9. Bxc6 Bxc6 10. d3 Ng4 11. Ne2 Nf6 12. Bd2 Rc8 13. b3 b6 14. Ne5 Bb7 15. Nf3 e6 16. h3 Ba6 17. Ne5 Ne8 18. c4 dxc4 19. dxc4 Nd6 20. Nf3 Ne4 21. Qc2 Bb7 22. Rbd1 Qe7 23. Bc1 Rfd8 24. Bb2 Nf6 25. g4 Rxd1 26. Qxd1 Nxg4 27. hxg4 Bxb2 28. Qc2 Bg7 29. g5 e5 30. Ng3 exf4 31. exf4 Qe3+ 32. Qf2 Qxf4 33. Kh2 Bxf3 34. Qxf3 Qxf3 35. Rxf3 Be5 36. Kh3 Bxg3 37. Rxg3 Rd8 38. Rg2 Kg7 39. Kh4 Rd4+ 40. Kh3 h6 41. gxh6+ Kxh6 42. Rf2 f5 43. Rf3 Kg5 44. Rg3+ Rg4 45. Rd3 Rd4 46. Rg3+ Kh5 47. a4 Rh4+ 48. Kg2 Rg4 49. Rxg4 Kxg4 50. a5 f4 51. axb6 axb6 52. Kf2 f3 53. Kg1 Kg3 54. Kf1 f2 55. b4 cxb4 56. c5 bxc5 57. Ke2 Kg2 58. Ke3 f1Q 59. Kd2 Qf3 60. Kc1 Qe2 0-1

[Event "Wch FIDE Online U10 Girls Europe qual"]
[Site "Tornelo INT"]
[Date "2020.12.09"]
[Round "7"]
[White "Jayawarna, Thisumi"]
[Black "Iudina, Veronika"]
[Result "0-1"]
[WhiteElo "1107"]
[BlackElo "1511"]
[PlyCount "78"]
[EventDate "2020.12.07"]
[EventType "swiss (rapid)"]
[EventRounds "7"]
[EventCountry "ISS"]
[SourceTitle "EXT 2022"]
[Source "ChessBase"]
[SourceDate "2021.10.06"]
[SourceVersion "1"]
[SourceVersionDate "2021.10.06"]
[SourceQuality "1"]

1. e4 e5 2. Nf3 Nc6 3. Bc4 Nf6 4. Ng5 d5 5. exd5 Na5 6. Bb5+ c6 7. dxc6 bxc6 8. Be2 h6 9. Nf3 e4 10. Ne5 Bd6 11. Nc4 Nxc4 12. Bxc4 0-0 13. 0-0 Bxh2+ 14. Kh1 Bc7 15. Be2 Ng4 16. g3 Qg5 17. Kg2 Nxf2 18. Rxf2 Qxg3+ 19. Kf1 Bh3+ 20. Ke1 Qg1+ 21. Bf1 Bg3 22. Qe2 Bxf1 23. Qxf1 Bxf2+ 24. Ke2 Qxf1+ 25. Kxf1 Bc5 26. Nc3 f5 27. b3 g5 28. Bb2 Bd4 29. Rb1 Rad8 30. Ke2 Bxc3 31. Bxc3 f4 32. Rf1 Rfe8 33. Rh1 Kh7 34. Bf6 Rd5 35. Rh2 e3 36. dxe3 Rxe3+ 37. Kf1 Rd1+ 38. Kg2 Rd2+ 39. Kg1 Re1# 0-1

[Event "Wch FIDE Online U10 Girls Europe qual"]
[Site "Tornelo INT"]
[Date "2020.12.08"]
[Round "5"]
[White "Jayawarna, Thisumi"]
[Black "Hnatyshyn, Anastasiya"]
[Result "0-1"]
[WhiteElo "1107"]
[BlackElo "1518"]
[PlyCount "56"]
[EventDate "2020.12.07"]
[EventType "swiss (rapid)"]
[EventRounds "7"]
[EventCountry "ISS"]
[SourceTitle "EXT 2022"]
[Source "ChessBase"]
[SourceDate "2021.10.06"]
[SourceVersion "1"]
[SourceVersionDate "2021.10.06"]
[SourceQuality "1"]

1. e4 c5 2. Nf3 Nc6 3. d4 cxd4 4. Nxd4 Nf6 5. Nc3 d6 6. Be3 Ng4 7. Qd2 Nxe3 8. Qxe3 g6 9. 0-0-0 Bg7 10. Nf3 0-0 11. h4 h5 12. Nh2 Be6 13. Kb1 Rc8 14. a3 Ne5 15. f4 Nc4 16. Bxc4 Rxc4 17. e5 Qa5 18. Nf3 Rfc8 19. Nd4 Bg4 20. Rde1 dxe5 21. fxe5 Qb6 22. Nb3 Qxe3 23. Rxe3 Bh6 24. Ree1 b6 25. Re4 Rxe4 26. Nxe4 Bf5 27. Nc3 Bf4 28. Rf1 Bxe5 0-1

[Event "BCF-ch U10"]
[Site "Hull"]
[Date "2018.08.02"]
[Round "5"]
[White "Jayawarna, Thisumi"]
[Black "Farahi Far, Arman"]
[Result "0-1"]
[WhiteElo "880"]
[BlackElo "1345"]
[PlyCount "116"]
[EventDate "2018.07.29"]
[EventType "swiss"]
[EventRounds "7"]
[EventCountry "ENG"]
[SourceTitle "EXT 2021"]
[Source "ChessBase"]
[SourceDate "2020.10.23"]
[SourceVersion "1"]
[SourceVersionDate "2020.10.23"]
[SourceQuality "1"]

1. e4 c6 2. d4 d5 3. Nc3 dxe4 4. Nxe4 Bf5 5. Nc3 Nf6 6. Nf3 h6 7. Bd3 Bxd3 8. Qxd3 e6 9. 0-0 Bd6 10. Ne4 Nxe4 11. Qxe4 Nd7 12. Qg4 Qf6 13. Re1 0-0 14. Re4 Rad8 15. Bf4 Bxf4 16. Rxf4 Qe7 17. Re1 Nf6 18. Qh4 Nd5 19. Qxe7 Nxe7 20. Rg4 Nf5 21. h3 Rd6 22. a4 Rfd8 23. c3 Rd5 24. b4 Nd6 25. Ne5 Nf5 26. Rf4 Rf8 27. g4 Ne7 28. c4 Rd6 29. b5 cxb5 30. c5 Rd5 31. axb5 f5 32. c6 Rxb5 33. Rc1 bxc6 34. Nxc6 Nxc6 35. Rxc6 Rb6 36. Rxb6 axb6 37. gxf5 Rxf5 38. Rxf5 exf5 39. Kf1 Kf7 40. Ke2 Ke6 41. Kd3 Kd5 42. Kc3 b5 43. f4 b4+ 44. Kxb4 Kxd4 45. Kb3 Ke4 46. Kc2 Kxf4 47. Kd3 Kg3 48. Ke3 f4+ 49. Ke2 Kg2 50. Kd3 f3 51. Ke4 f2 52. Kf5 f1Q+ 53. Ke6 Qf6+ 54. Kd5 Kxh3 55. Ke4 Qe6+ 56. Kf3 Qe5 57. Kf2 Qe4 58. Kg1 Qg2# 0-1

[Event "BCF-ch U10"]
[Site "Hull"]
[Date "2018.08.01"]
[Round "4"]
[White "Sevinc, Doruk Ata"]
[Black "Jayawarna, Thisumi"]
[Result "1/2-1/2"]
[WhiteElo "1225"]
[BlackElo "880"]
[PlyCount "57"]
[EventDate "2018.07.29"]
[EventType "swiss"]
[EventRounds "7"]
[EventCountry "ENG"]
[SourceTitle "EXT 2021"]
[Source "ChessBase"]
[SourceDate "2020.10.23"]
[SourceVersion "1"]
[SourceVersionDate "2020.10.23"]
[SourceQuality "1"]

1. e4 e5 2. Nf3 Nc6 3. Bc4 Bc5 4. c3 Nf6 5. d4 exd4 6. cxd4 Bb4+ 7. Nc3 Nxe4 8. 0-0 Nxc3 9. bxc3 Ba5 10. Qb3 0-0 11. Bg5 Ne7 12. Bh4 c6 13. Qc2 d5 14. Ng5 Bf5 15. Bd3 Qd7 16. Rfe1 Bxd3 17. Qxd3 Qf5 18. Qe3 Ng6 19. Bg3 Rae8 20. Qd2 Rxe1+ 21. Rxe1 Qg4 22. Nf3 b5 23. h3 Qh5 24. Ne5 Nh4 25. Qf4 Nf5 26. Nxc6 Bb6 27. Ne7+ Nxe7 28. Rxe7 Qd1+ 29. Kh2 1/2-1/2